La preparación metodológica del coordinador de aldea para el cumplimiento de sus funciones

La investigación sistematiza una reconstrucción de la practica educativa, la preparación metodológica del coordinador de aldea universitaria para el cumplimiento de sus funciones.

-д хадгалсан:
Номзүйн дэлгэрэнгүй
Үндсэн зохиолч: García Durán, Néstor Alfonzo
Байгууллагын зохиогч: e-libro, Corp
Бусад зохиолчид: Berges Díaz, Juana Maritza (Захирал), Rodríguez Becerra, Fara (Захирал)
Формат: Цахим ном
Хэл сонгох:испани
Хэвлэсэн: La Habana : Editorial Universitaria, 2012.
Нөхцлүүд:
Онлайн хандалт:https://elibro.unach.elogim.com/es/lc/unach/titulos/90364
Шошгууд: Шошго нэмэх
Шошго байхгүй, Энэхүү баримтыг шошголох эхний хүн болох!

MARC

LEADER 00000nam a2200000 a 4500
001 ELB90364
003 FlNmELB
006 m o d |
007 cr cn|||||||||
008 201201r2012 cu |||||s|||||||||||spa d
024 8 |z Tesis 
035 |a (MiAaPQ)EBC3200969 
035 |a (Au-PeEL)EBL3200969 
035 |a (CaPaEBR)ebr10584258 
035 |a (OCoLC)929370121 
040 |a FlNmELB  |b spa  |c FlNmELB 
050 4 |a LA173  |b G215 2012 
080 |a 378 
082 0 4 |a 378  |2 22 
100 1 |a García Durán, Néstor Alfonzo. 
245 1 3 |a La preparación metodológica del coordinador de aldea para el cumplimiento de sus funciones  |h [recurso electronico]  |c Néstor Alfonzo García Durán. 
260 |a La Habana :  |b Editorial Universitaria,  |c 2012. 
300 |a 185 p. 
500 |a Tesis (doctorado) - Instituto Pedagógico Latinoamericano y Caribeño (IPLAC). 
520 |a La investigación sistematiza una reconstrucción de la practica educativa, la preparación metodológica del coordinador de aldea universitaria para el cumplimiento de sus funciones. 
533 |a Recurso electrónico. Santa Fe, Arg.: e-libro, 2015. Disponible vía World Wide Web. El acceso puede estar limitado para las bibliotecas afiliadas a e-libro. 
650 4 |a Educación.  |x Educación superior. 
650 4 |a Education.  |x Higher. 
650 4 |a Referencia.  |x Investigación. 
650 4 |a Reference.  |x Research. 
655 4 |a Libros electrónicos. 
700 1 |a Berges Díaz, Juana Maritza.  |4 drt 
700 1 |a Rodríguez Becerra, Fara.  |4 drt 
710 2 |a e-libro, Corp. 
856 4 0 |u https://elibro.unach.elogim.com/es/lc/unach/titulos/90364